Normal view MARC view

Entry Termo tópico

Number of records used in: 2

001 - NÚMERO DE CONTROLE

  • campo de controle: 1619

003 - IDENTIFICADOR DO NÚMERO DE CONTROLE

  • campo de controle: OSt

005 - DATA E HORÁRIO DA ÚLTIMA TRANSAÇÃO

  • campo de controle: 20251112113719.0

008 - CAMPO DE DADOS FIXOS

  • campo de controle de tamanho fixo: 251112|| aca||babn | a|a d

040 ## - FONTE DA CATALOGAÇÃO

  • Instituição da catalogação original: OSt

150 ## - CABEÇALHO--TERMO TÓPICO (ASSUNTO)

  • Cabeçalho tópico ou nome geográfico: Gastronomia
  • Subdivisão geográfica: França
  • Subdivisão geral: História

450 ## - REMISSIVIA VER--TERMO TÓPICO

  • Cabeçalho tópico ou nome geográfico: Gastronomia francesa

450 ## - REMISSIVIA VER--TERMO TÓPICO

  • Cabeçalho tópico ou nome geográfico: French gastronomy

450 ## - REMISSIVIA VER--TERMO TÓPICO

  • Cabeçalho tópico ou nome geográfico: História da gastronomia francesa

450 ## - REMISSIVIA VER--TERMO TÓPICO

  • Cabeçalho tópico ou nome geográfico: History of French gastronomy

450 ## - REMISSIVIA VER--TERMO TÓPICO

  • Cabeçalho tópico ou nome geográfico: Gastronomia na França

450 ## - REMISSIVIA VER--TERMO TÓPICO

  • Cabeçalho tópico ou nome geográfico: Gastronomy in France